| 000 | 02217nam0a2200409 4500 | ||
|---|---|---|---|
| 001 | RU\NLR\bibl\790745 | ||
| 005 | 20260405105912.0 | ||
| 010 |
_a5-89146-408-X _9150 |
||
| 021 |
_aRU _b2004-77977 _93847 |
||
| 035 | _aRSL-KNO-002553805 | ||
| 035 | _a(NLR Aleph) 000779989 | ||
| 090 |
_a1055985 _c1055985 |
||
| 100 | _a20041216d2003 |||y0rusy50 ca | ||
| 101 | 0 | _arus | |
| 102 | _aRU | ||
| 105 | _ay ||||||||| | ||
| 106 | _ar | ||
| 200 | 1 |
_aУправленческое консультирование _eучеб. пособие _fЕ. А. Волкова _gМ-во образования Рос. Федерации. Ульян. гос. техн. ун-т |
|
| 210 |
_aУльяновск _cУлГТУ _d2003 _gТип. УлГТУ |
||
| 215 |
_a67 с. _cил. _d21 |
||
| 320 | _aБиблиогр.: с. 67 (8 назв.) | ||
| 606 | 1 |
_aКонсультирование в управлении _jРуководства, пособия и т.п. для высшей школы _91369768 _3RU\NLR\auth\66573858 |
|
| 606 | 1 |
_aКонсультирование в управлении _jУчебные издания для высших учебных заведений _91369768 _3RU\NLR\auth\66573858 |
|
| 610 | 0 | _aСоциология -- Социальные подсистемы -- Научное управление обществом -- Учебник для высшей школы | |
| 610 | 0 | _aПсихология -- Социальная психология -- Социально-психологические проблемы отдельных отраслей психологии -- Социально-психологические проблемы управления -- Учебник для высшей школы | |
| 686 |
_aС555.37я73-1 _2rubbk |
||
| 686 |
_aЮ959.18я73-1 _2rubbk |
||
| 686 | _aУ21(0)2я73 | ||
| 700 | 1 |
_4070 _7ca _8rus _aВолкова _bЕ. А. _cканд. экон. наук, менеджмент _gЕлена Александровна _924103 _3RU\NLR\AUTH\7741153 |
|
| 801 | 0 |
_aRU _bRuMoRKP _c20041216 _grcr |
|
| 801 | 1 |
_aRU _bRuMoRGB _c20041216 |
|
| 801 | 2 |
_aRU _bNLR _c20050421 _gPSBO |
|
| 942 | _cBOOK | ||
| 980 | _aNB | ||
| 980 | _aNBR | ||